000 00436nam a22001817a 4500
003 MPLRDC
005 20220104170414.0
008 210129b ||||| |||| 00| 0 eng d
020 _a0-273-03119-8
082 _a524.969 WOOD-2 v.1 1989 c.2
100 _aFRANK WOOD
245 _aBUSINESS ACCOUNTING 1
_c
250 _a五版
260 _a
_bPITMAN
_c1989
300 _b
650 _a
942 _cBK
_o524.969 WOOD-2 v.1 1989 c.2
999 _c57933
_d57923